Význam etického kódexu v podnikateľskej etike

Základy etiky v podnikaní. Podnikateľská etika na Slovensku. Podnikateľská etika v medzinárodných dimenziách. Multinacionálne korporácie (MNC). Etický kódex firmy.

Salvato in:
Dettagli Bibliografici
Autore principale: Dudinská, Elvíra
Altri autori: Barlogová, Adriana
Natura: Libro
Lingua:slovacco
Soggetti:
Tags: Aggiungi Tag
Nessun Tag, puoi essere il primo ad aggiungerne!!

MARC

LEADER 00000nam a2200000 4500
001 r031990
005 20230918075406.3
041 0 |a slo 
044 |a SK 
245 1 0 |a Význam etického kódexu v podnikateľskej etike  |c Elvíra Dudinská, Adriana Barlogová 
520 |a Základy etiky v podnikaní. Podnikateľská etika na Slovensku. Podnikateľská etika v medzinárodných dimenziách. Multinacionálne korporácie (MNC). Etický kódex firmy. 
610 2 0 |a etika podnikateľská 
610 2 0 |a kódexy 
610 2 0 |a podnikanie 
610 2 0 |a Slovensko 
610 2 0 |a firmy 
610 2 0 |a korporácie transnacionálne 
100 1 |a Dudinská, Elvíra 
700 1 |a Barlogová, Adriana